000 00244nam a2200097Ia 4500
001 653822
005 20250826154505.0
008 250824s9999 xx 000 0 und d
245 0 _aKONUŞMAK YOK!
_cANDREW CLEMENTS
260 _bGÜNIŞIĞI YAYINLARI
999 _c653822
_d653822